00466 a2200145 4500003000400000005001700004008004100021020001800062040000900080082002600089100002500115245013600140260003400276300001000310OSt20230920111046.0230919b |||||||| |||| 00| 0 eng d a9785356401044 coclc a700.4829709548bPAR/V1 aParodi, Laura Emilia aThe visual world of Muslim India :b the art, culture and society of the Deccan in the early modern era /cedited by Laura E Parodi aNew Delhi:bBloomsburyc2022. a366 p